Использование импульсного метода для измерения теплоемкости материалов
| מחבר ראשי: | |
|---|---|
| מחבר תאגידי: | |
| מחברים אחרים: | , |
| סיכום: | Деп. в ВИНИТИ 12.11.87, № 7999-В87 Приведен анализ факторов, приводящих к большой погрешности измерения теплоемкости при использовании импульсного метода. Для уменьшения погрешности предложена методика нахождения макс. подъема т-ры по двум точкам начальном началаном участке экспериментальной временной температурной зависимости, что позволило снизить погрешность в ≥3 раза. Выведена ф-ла расчета теплоемкости материала для вычислительных систем автоматич. обработки результатов эксперимента. В фонде НТБ ТПУ отсутствует |
| שפה: | רוסית |
| יצא לאור: |
Томск, 1987
|
| נושאים: | |
| פורמט: | MixedMaterials ספר |
| KOHA link: | https://koha.lib.tpu.ru/cgi-bin/koha/opac-detail.pl?biblionumber=599677 |
MARC
| LEADER | 00000nam0a2200000 4500 | ||
|---|---|---|---|
| 001 | 599677 | ||
| 005 | 20240112174525.0 | ||
| 029 | 0 | 0 | |a RU |b 7999-В87 |f ВИНИТИ |
| 035 | |a (RuTPU)RU\TPU\tpu\23807 | ||
| 035 | |a RU\TPU\tpu\23133 | ||
| 090 | |a 599677 | ||
| 100 | |a 20131023j19871112k y0rusy50 ca | ||
| 101 | 0 | |a rus | |
| 102 | |a RU | ||
| 105 | |a y z 000zy | ||
| 200 | 1 | |a Использование импульсного метода для измерения теплоемкости материалов |f В. С. Андык, Ю. А. Загромов, М. Д. Кац |g Томский политехнический институт (ТПИ) | |
| 210 | |a Томск |d 1987 | ||
| 215 | |a 8 с. |c ил. | ||
| 300 | |a Деп. в ВИНИТИ 12.11.87, № 7999-В87 | ||
| 320 | |a Библиогр.: 5 назв. | ||
| 330 | |a Приведен анализ факторов, приводящих к большой погрешности измерения теплоемкости при использовании импульсного метода. Для уменьшения погрешности предложена методика нахождения макс. подъема т-ры по двум точкам начальном началаном участке экспериментальной временной температурной зависимости, что позволило снизить погрешность в ≥3 раза. Выведена ф-ла расчета теплоемкости материала для вычислительных систем автоматич. обработки результатов эксперимента. | ||
| 333 | |a В фонде НТБ ТПУ отсутствует | ||
| 610 | 1 | |a труды учёных ТПУ | |
| 610 | 1 | |a депонированные рукописи | |
| 700 | 1 | |a Андык |b В. С. |c специалист в области теплоэнергетики |c доцент Томского политехнического университета, кандидат технических наук |f 1947- |g Владимир Сергеевич |3 (RuTPU)RU\TPU\pers\26012 | |
| 701 | 1 | |a Загромов |b Ю. А. |c специалист в области теплотехники |c доцент Томского политехнического университета, кандидат технических наук |f 1940- |g Юрий Александрович |3 (RuTPU)RU\TPU\pers\27839 |4 070 | |
| 701 | 1 | |a Кац |b М. Д. |c специалист в области теплоэнергетики |c доцент Томского политехнического университета, кандидат физико-математических наук |f 1947- |g Марк Давыдович |3 (RuTPU)RU\TPU\pers\25527 |4 070 |9 11457 | |
| 712 | 0 | 2 | |a Томский политехнический институт (ТПИ) |c (1944-1991) |3 (RuTPU)RU\TPU\col\1123 |
| 801 | 1 | |a RU |b 63413507 |c 20120220 | |
| 801 | 2 | |a RU |b 63413507 |c 20131023 |g RCR | |
| 942 | |c BK | ||